000 01023nam a2200265 a 4500
001 BRL_1512
005 20190320211236.0
008 130214s1982----u--aob####---#000-0#eng-#
020 _a0912535008
041 _aeng
_hspa
044 _au
050 4 _aGT4811.S26
_b.F54 1982
245 1 0 _aFiestas of San Juan Nuevo
_bceremonial art from Michoacan, Mexico
_cgeneral editors J. J. Brody, Mari Lyn Salvador.
260 _aAlbuqierque
_bMaxwell Museum of Anthopology : University of New Mexico
_c1982
300 _a70 p.
_bil., fotografías (blanco y negro), mapas
_c20 cm.
440 0 _aMaxwel Museum of Antropology. Publication Series
_927134
500 _aAu1761
500 _aIncluye dedicatoria a Ruth Lechuga
650 1 4 _aFestivales
_vExposiciones
_zSan Juan Nuevo (Michoacán)
_927135
650 1 4 _aIndígenas de México
_vExposiciones
_xRitos y ceremonias
_zSan Juan Nuevo (Michoacán)
_927136
700 1 _aBrody, J. J.
_eed.
_927137
700 1 _aSalvador, Mari Lyn
_eed.
_927138
902 _aGRL
942 _2lcc
_cB
999 _c10322
_d10322